[Event "ICS Rated blitz match"]
[Site "207.99.83.229"]
[Date "1999.07.07"]
[Round "?"]
[White "Hossa"]
[Black "occam"]
[Result "0-1"]
[WhiteElo "2377"]
[BlackElo "2252"]
[PlyCount "154"]

1. d4 Nf6 2. c4 e6 3. Nc3 d5 4. cxd5 exd5 5. Bg5 c6 6. Nf3 h6 7. Bxf6 Qxf6 8.
e4 dxe4 9. Qe2 Qe6 10. Ne5 Bb4 11. Qxe4 O-O 12. Bd3 f5 13. Qe2 Kh7 14. O-O Nd7
15. Rae1 Qd6 16. Qc2 Nxe5 17. dxe5 Qd4 18. e6 g6 19. a3 Be7 20. Re3 Bg5 21. Ne2
Qd6 22. f4 Bd8 23. Kh1 Bb6 24. Re5 Bxe6 25. Bc4 Bc8 26. Re1 Rd8 27. Ng3 Rb8 28.
Re7+ Kh8 29. Bf7 Qf6 30. a4 Ba5 31. R1e5 Bb4 32. Re8+ Kg7 33. Rxd8 Qxd8 34. Qb3
Qd2 35. Ne2 Bd7 36. h3 Rf8 37. Be6 Rd8 38. Bf7 Bc8 39. Kh2 Bd6 40. Re3 g5 41.
Bh5 Rf8 42. Rd3 Qb4 43. Qxb4 Bxb4 44. fxg5 hxg5 45. Nd4 Rh8 46. Bf3 Kf6 47. Nc2
Ba5 48. Kg1 Bb6+ 49. Kf1 g4 50. hxg4 fxg4 51. Bd1 Rh1+ 52. Ke2 Rg1 53. g3 Bf5
54. Rc3 Bc7 55. Rb3 Rg2+ 56. Kf1 Rxc2 57. Bxc2 Bxc2 58. Rxb7 Bxg3 59. Rxa7 Be5
60. b4 Bc3 61. a5 Bxb4 62. Ke2 Bb3 63. Ra8 Ke5 64. a6 Bc4+ 65. Kf2 Kf4 66. a7
g3+ 67. Kg2 Bd5+ 68. Kh3 g2 69. Rg8 Bxg8 70. Kxg2 Bd5+ 71. Kf1 c5 72. Kf2 c4
73. a8=B Bxa8 74. Kf1 c3 75. Ke2 c2 76. Kd3 c1=Q 77. Kd4 77... Qc3# {
Hossa checkmated} 0-1

[Event "ICS rated bullet match"]
[Site "207.99.83.229"]
[Date "1999.07.07"]
[Round "?"]
[White "DiepX"]
[Black "Hossa"]
[Result "1-0"]
[WhiteElo "2543"]
[BlackElo "2416"]
[PlyCount "225"]

1. e4 e5 2. Nf3 Nc6 3. Bc4 Nf6 4. d3 Bc5 5. Nc3 d6 6. Bg5 Nb4 7. a3 Nc6 8. Nd5
Be6 9. Bb5 a6 10. Bxc6+ bxc6 11. Nxf6+ gxf6 12. Bh4 Bg4 13. h3 Bh5 14. c3 Rb8
15. b4 Ba7 16. Rg1 O-O 17. Qa4 Rb6 18. Qc2 Kh8 19. d4 Bxf3 20. gxf3 Qe7 21. Qd2
Rg8 22. Rxg8+ Kxg8 23. O-O-O Kf8 24. Qh6+ Ke8 25. Qxh7 Qe6 26. dxe5 Qxe5 27.
Qh8+ Ke7 28. Kb2 Qe6 29. f4 Rb8 30. Qg7 Qxe4 31. Qxf6+ Kd7 32. Qxf7+ Kc8 33.
Qe7 Qxf4 34. Bg3 Qf5 35. Bxd6 Qxf2+ 36. Kb3 Bb6 37. Qf8+ Qxf8 38. Bxf8 c5 39.
Be7 c6 40. Kc4 cxb4 41. cxb4 a5 42. h4 Rb7 43. Re1 axb4 44. axb4 Bf2 45. Re2
Bg3 46. h5 Bf4 47. Kc3 Rd7 48. Re6 Kb7 49. Kc4 Rd5 50. h6 Rh5 51. Bf8 Bg5 52.
Rg6 Rh4+ 53. Kd3 Rh3+ 54. Ke2 Bf4 55. Rf6 Be5 56. Rf3 Rh2+ 57. Kd3 Ka6 58. Rf7
Rh3+ 59. Ke4 Bc3 60. h7 Kb5 61. Rb7+ Ka6 62. Rd7 Kb5 63. Kf4 Bxb4 64. Rb7+ Ka6
65. Rxb4 Rxh7 66. Ke5 Rd7 67. Bd6 Rb7 68. Rc4 Kb6 69. Rc2 Rd7 70. Rc3 Rd8 71.
Rb3+ Ka6 72. Rb1 Rc8 73. Bc5 Rc7 74. Rb6+ Ka5 75. Ke4 Re7+ 76. Kf5 Rc7 77. Ke5
Rc8 78. Kd6 Rf8 79. Rb2 Ka4 80. Kxc6 Rf4 81. Kd5 Rf1 82. Rb7 Rc1 83. Bd4 Rc2
84. Be5 Ka5 85. Rb8 Rd2+ 86. Kc4 Rd1 87. Bf4 Rd7 88. Kc5 Ka4 89. Bd6 Rf7 90.
Kc4 Rf5 91. Bc5 Rf4+ 92. Bd4 Rf5 93. Rb2 Rf3 94. Rb4+ Ka3 95. Rb5 Ka4 96. Rb1
Rg3 97. Rb4+ Ka3 98. Rb7 Ka2 99. Rb2+ Ka3 100. Rh2 Ka4 101. Rh6 Rg5 102. Rb6
Ka5 103. Rf6 Ka4 104. Rf1 Rg3 105. Rb1 Rh3 106. Rb7 Rh5 107. Bf2 Re5 108. Bc5
Rxc5+ 109. Kxc5 Ka3 110. Kc4 Ka2 111. Kc3 Ka1 112. Kc2 Ka2 113. Ra7# {
Hossa checkmated} 1-0

[Event "ICS rated bullet match"]
[Site "207.99.83.229"]
[Date "1999.07.07"]
[Round "?"]
[White "Hossa"]
[Black "Phili-dOr"]
[Result "1-0"]
[WhiteElo "2406"]
[BlackElo "2314"]
[PlyCount "57"]

1. d4 Nf6 2. c4 g6 3. g3 Bg7 4. Bg2 d6 5. Nf3 O-O 6. O-O Bg4 7. Nc3 Nc6 8. Bg5
Qc8 9. Bxf6 Bxf6 10. Nd5 Bg7 11. Ng5 e6 12. Ne3 Bf5 13. g4 h6 14. Nh3 Nxd4 15.
gxf5 Nxf5 16. Nxf5 exf5 17. Qd2 c6 18. Nf4 Be5 19. Rad1 Qd8 20. Nd3 Qf6 21.
Qxh6 Rae8 22. Nxe5 dxe5 23. Rd7 f4 24. Rxb7 e4 25. Re1 Re5 26. Qh3 Rh5 27. Qc3
Qh4 28. h3 f5 29. Qg7# {Phili-dOr checkmated} 1-0

[Event "ICS Rated blitz match"]
[Site "207.99.83.229"]
[Date "1999.07.07"]
[Round "?"]
[White "Hossa"]
[Black "occam"]
[Result "1-0"]
[WhiteElo "2374"]
[BlackElo "2272"]
[PlyCount "117"]

1. d4 Nf6 2. c4 e6 3. Nc3 d5 4. cxd5 exd5 5. Bg5 c6 6. Nf3 h6 7. Bxf6 Qxf6 8.
e4 dxe4 9. Qe2 Qe6 10. Ne5 Bb4 11. Qxe4 O-O 12. Bd3 f5 13. Qf3 Qd6 14. Bc4+ Kh7
15. O-O-O Nd7 16. Rhe1 Nxe5 17. dxe5 Qe7 18. g3 Re8 19. Qh5 g6 20. Qe2 a5 21.
h4 b5 22. Bd3 Qc5 23. Qe3 Qxe3+ 24. Rxe3 a4 25. a3 Bc5 26. Re2 Kg7 27. h5 gxh5
28. f4 Rd8 29. e6 Rf8 30. Rh1 Kg6 31. Bc2 Ra7 32. Bb1 Re7 33. Ba2 Rd8 34. Kc2
Rd6 35. Reh2 Bd4 36. Rxh5 Bg7 37. g4 fxg4 38. f5+ Kh7 39. Ne4 Rd4 40. Nf6+ Bxf6
41. Rxh6+ Kg8 42. Rg6+ Bg7 43. f6 b4 44. fxe7 b3+ 45. Kc3 Rf4+ 46. Rxg7+ Kxg7
47. e8=Q bxa2 48. Qxc8 Rf3+ 49. Kd4 Rh3 50. Re1 a1=Q 51. Rxa1 c5+ 52. Kxc5 Kf6
53. Qf8+ Kg6 54. Qg8+ Kf6 55. Qf7+ Kg5 56. Qg7+ Kf4 57. Qf6+ Kg3 58. Rg1+ Kh2
59. Qf2# {occam checkmated} 1-0

[Event "ICS Rated blitz match"]
[Site "207.99.83.229"]
[Date "1999.07.07"]
[Round "?"]
[White "occam"]
[Black "Hossa"]
[Result "1-0"]
[WhiteElo "2261"]
[BlackElo "2385"]
[PlyCount "84"]

1. d4 d5 2. Nf3 Nf6 3. g3 e6 4. Bg2 Bd6 5. O-O O-O 6. c3 Nbd7 7. Nbd2 c5 8. Nb3
b6 9. c4 Bb7 10. cxd5 exd5 11. dxc5 bxc5 12. Be3 Ng4 13. Bg5 Qc7 14. Rc1 f6 15.
Bh4 Qb6 16. Ne1 d4 17. Bxb7 Qxb7 18. e3 Nde5 19. exd4 cxd4 20. h3 Nh6 21. Qxd4
Rad8 22. Na5 Qf7 23. a4 Nf5 24. Qe4 Nxh4 25. gxh4 f5 26. Qe2 Rfe8 27. Rc3 Bb4
28. Re3 Qg6+ 29. Ng2 Rd2 30. Qb5 Bxa5 31. Qxa5 Nc4 32. Rxe8+ Qxe8 33. Qc3 Qe2
34. b3 Nd6 35. Nf4 Qxf1+ 36. Kxf1 Rxf2+ 37. Kg1 Rxf4 38. Qc7 Rxh4 39. Qd8+ Kf7
40. Qxh4 Ne4 41. Qxh7 Kf6 42. Qh4+ 42... Kg6 {Hossa resigns} 1-0

[Event "ICS Rated blitz match"]
[Site "207.99.83.229"]
[Date "1999.07.07"]
[Round "?"]
[White "Hossa"]
[Black "occam"]
[Result "1-0"]
[WhiteElo "2364"]
[BlackElo "2282"]
[PlyCount "75"]

1. d4 d5 2. c4 dxc4 3. Nf3 b5 4. a4 c6 5. axb5 cxb5 6. e3 Qd6 7. Nc3 Qb4 8. Be2
Nd7 9. O-O e6 10. d5 e5 11. Na2 Qc5 12. e4 Ngf6 13. Be3 Qc7 14. Nc3 Qb8 15. Ra5
b4 16. Nb1 Qc7 17. Qa4 Nxe4 18. Rc1 c3 19. bxc3 Nxc3 20. Nxc3 bxc3 21. Bxa7 Bb7
22. Bb5 f6 23. Qg4 Kd8 24. Rxc3 Nc5 25. Bb6 Rxa5 26. Bxc7+ Kxc7 27. Rxc5+ Kb6
28. Rc2 Rxb5 29. Qe6+ Ka5 30. Ra2+ Kb4 31. Qd7 Bxd5 32. Rb2+ Bb3 33. Nd2 Kc3
34. Qxb5 Bc2 35. Ra2 Kxd2 36. Qb3 Ke1 37. Qxc2 Bb4 38. Qc1# {occam checkmated}
1-0

[Event "ICS Rated blitz match"]
[Site "207.99.83.229"]
[Date "1999.07.07"]
[Round "?"]
[White "Hossa"]
[Black "StrongBach"]
[Result "1-0"]
[WhiteElo "2376"]
[BlackElo "1868"]
[PlyCount "69"]

1. d4 d5 2. c4 dxc4 3. Nf3 Qd6 4. e3 Qa6 5. Ne5 b5 6. Qf3 Bf5 7. Qxa8 Qa5+ 8.
Nc3 Qb6 9. Nd5 Be4 10. Nxb6 Bxa8 11. Nxa8 Na6 12. a4 e6 13. axb5 Bb4+ 14. Kd1
f6 15. Nc6 c3 16. Rxa6 cxb2 17. Nxc7+ Kd7 18. Bxb2 Bd6 19. Na8 Ne7 20. Rxa7+
Ke8 21. Nb6 Ng8 22. Bc4 g5 23. Bxe6 Kf8 24. Nc4 Be7 25. b6 Kg7 26. b7 Nh6 27.
Nxe7 Ng4 28. Nf5+ Kg6 29. Bf7+ Kxf7 30. b8=Q+ Kg6 31. Qxh8 Nxf2+ 32. Ke2 Kxf5
33. Qxh7+ Kg4 34. Kxf2 f5 35. Ne5# {StrongBach checkmated} 1-0

[Event "ICS Rated standard match"]
[Site "207.99.83.229"]
[Date "1999.07.07"]
[Round "?"]
[White "occam"]
[Black "Hossa"]
[Result "0-1"]
[WhiteElo "2104"]
[BlackElo "2376"]
[PlyCount "82"]

1. d4 d5 2. Nf3 Nf6 3. e3 e6 4. c3 Bd6 5. g3 Nbd7 6. Bh3 O-O 7. O-O e5 8. Bxd7
Nxd7 9. dxe5 Nxe5 10. Qxd5 Bh3 11. Re1 Be6 12. Qxb7 Rb8 13. Qe4 f5 14. Qf4 Nd3
15. Qa4 Nxe1 16. Nxe1 Qe7 17. Nd2 Rbd8 18. Nc4 c5 19. Nxd6 Rxd6 20. Nf3 Rfd8
21. b3 Rd1+ 22. Kg2 Bd5 23. Qf4 g5 24. Qxf5 Rf8 25. Qg4 Bxf3+ 26. Qxf3 Rxf3 27.
Kxf3 Qf7+ 28. Ke2 Qd5 29. h3 Qh1 30. b4 c4 31. Bb2 Rxa1 32. Bxa1 Qxa1 33. f4
Qxc3 34. Kf3 Qxb4 35. Kg4 c3 36. h4 Qe4 37. h5 c2 38. h6 c1=Q 39. a3 Qc8+ 40.
Kxg5 Qef5+ 41. Kh4 41... Qg4# {occam checkmated} 0-1

[Event "ICS Rated standard match"]
[Site "207.99.83.229"]
[Date "1999.07.07"]
[Round "?"]
[White "Hossa"]
[Black "DiepX"]
[Result "0-1"]
[WhiteElo "2378"]
[BlackElo "2432"]
[PlyCount "88"]

1. d4 d5 2. c4 c6 3. Nc3 Nf6 4. Nf3 dxc4 5. e4 b5 6. Be2 Bg4 7. O-O e6 8. e5
Nd5 9. Ng5 Bxe2 10. Qxe2 h6 11. Qh5 Qd7 12. Rd1 Na6 13. a4 Nab4 14. axb5 cxb5
15. Nge4 a5 16. Nxd5 Nxd5 17. Qg4 h5 18. Qg3 a4 19. Bd2 h4 20. Qh3 Qc6 21. Bg5
b4 22. Rac1 a3 23. Nd2 c3 24. b3 Nb6 25. Nf1 Qd5 26. Ne3 Qxb3 27. Qf3 Nd5 28.
Rb1 Qa4 29. Nxd5 exd5 30. Rdc1 Qc6 31. h3 a2 32. Ra1 Qb7 33. Qf5 b3 34. e6 Ba3
35. Re1 O-O 36. e7 Rfe8 37. Bf6 Qc6 38. Be5 c2 39. Kh2 b2 40. Qg5 f6 41. Bxf6
Qxf6 42. Qh5 Qxd4 43. Rad1 Bd6+ 44. g3 44... cxd1=Q {Hossa resigns} 0-1

[Event "ICS rated bullet match"]
[Site "207.99.83.229"]
[Date "1999.07.07"]
[Round "?"]
[White "mikle19"]
[Black "Hossa"]
[Result "0-1"]
[WhiteElo "2318"]
[BlackElo "2418"]
[PlyCount "72"]

1. e4 e5 2. h4 Nf6 3. Nf3 Nc6 4. d3 Be7 5. a4 d5 6. Nc3 dxe4 7. Nxe4 Nxe4 8.
dxe4 Qxd1+ 9. Kxd1 Bg4 10. Be2 O-O-O+ 11. Bd2 Rd7 12. c3 Rhd8 13. Kc1 Bxf3 14.
Bxf3 Rxd2 15. Rd1 Rxf2 16. Rxd8+ Kxd8 17. Kb1 Bxh4 18. Ka2 Bg5 19. Rh1 h6 20.
Kb3 Na5+ 21. Ka2 Nc4 22. Rb1 Ke7 23. a5 Nd2 24. Rd1 Nxf3 25. gxf3 Rxf3 26. a6
b6 27. Rd5 Ke6 28. c4 Re3 29. c5 Rxe4 30. cxb6 Kxd5 31. bxa7 Ra4+ 32. Kb3 Rxa6
33. Kc3 Rxa7 34. Kb4 e4 35. Kb5 Bd2 36. b3 36... Ra5# {mikle19 checkmated} 0-1

[Event "ICS rated bullet match"]
[Site "207.99.83.229"]
[Date "1999.07.07"]
[Round "?"]
[White "Hossa"]
[Black "mikle19"]
[Result "0-1"]
[WhiteElo "2430"]
[BlackElo "2274"]
[PlyCount "66"]

1. d4 d6 2. Nc3 Bd7 3. Nf3 h5 4. e4 g6 5. Be2 Bh6 6. O-O Na6 7. Bxa6 bxa6 8.
Qd3 Kf8 9. Bxh6+ Nxh6 10. Qxa6 Ng4 11. h3 e6 12. hxg4 hxg4 13. Qe2 Rb8 14. a4
c6 15. a5 a6 16. Nd1 gxf3 17. Qxf3 Qh4 18. Qh3 Qf6 19. e5 Qg7 20. Qa3 Qh7 21.
Qxd6+ Kg7 22. f3 Rb5 23. Qe7 Qh1+ 24. Kf2 Qh6 25. Qxd7 Kf8 26. Qxc6 Qd2+ 27.
Kg1 Rb8 28. c3 Kg7 29. Qxa6 Qf4 30. b4 Rh5 31. Qd6 Rbh8 32. Ra2 Qg3 33. Ne3
33... Rh1# {Hossa checkmated} 0-1

[Event "ICS rated blitz match"]
[Site "207.99.83.229"]
[Date "1999.07.07"]
[Round "?"]
[White "Hossa"]
[Black "MiddleHead"]
[Result "1/2-1/2"]
[WhiteElo "2387"]
[BlackElo "2210"]
[PlyCount "101"]

1. d4 d6 2. e4 Nf6 3. Nc3 g6 4. Bb5+ c6 5. Bd3 Bg7 6. Nf3 O-O 7. O-O Nbd7 8.
Bg5 e5 9. dxe5 dxe5 10. Qd2 Qa5 11. Bh6 Re8 12. Bxg7 Kxg7 13. Qg5 h6 14. Qh4
Nc5 15. a3 Nxd3 16. cxd3 Bg4 17. Qg3 Rad8 18. Nd2 Be6 19. b4 Qc7 20. Rac1 Nh5
21. Qe3 Nf4 22. Qxa7 Nxd3 23. Rc2 Ra8 24. Qe3 Red8 25. Nd5 Bxd5 26. Qxd3 Be6
27. Qc3 Ra4 28. Nf3 f6 29. Qe3 Rda8 30. Rc3 g5 31. b5 Qd6 32. bxc6 bxc6 33. Qc1
Bg4 34. Rd1 Qe7 35. Rdd3 Bxf3 36. Rxc6 R8a7 37. Rxf3 Rxa3 38. Rxa3 Qxa3 39.
Rc7+ Kg6 40. g3 Qxc1+ 41. Rxc1 g4 42. Kg2 Ra4 43. Re1 h5 44. h3 Rb4 45. hxg4
hxg4 46. Kh2 Rb2 47. Kg2 Rb4 48. Kh2 Rb2 49. Kg2 Rb4 50. Kh2 Rb2 51. Kg2 {
Game drawn by repetition} 1/2-1/2

[Event "ICS Rated standard match"]
[Site "207.99.83.229"]
[Date "1999.07.07"]
[Round "?"]
[White "SuperChicken"]
[Black "Hossa"]
[Result "1-0"]
[WhiteElo "2522"]
[BlackElo "2364"]
[PlyCount "119"]

1. d4 d5 2. c4 e6 3. Nc3 Nf6 4. Bg5 Be7 5. e3 O-O 6. Nf3 Nbd7 7. Rc1 h6 8. Bh4
Nb6 9. cxd5 Nfxd5 10. Bxe7 Qxe7 11. Bd3 Nxc3 12. Rxc3 Nd5 13. Rc1 Qb4+ 14. Qd2
Qxd2+ 15. Nxd2 Bd7 16. O-O Bc6 17. Be2 Rad8 18. Nb3 Ba4 19. Na5 Rb8 20. b3 Be8
21. Rfe1 c6 22. a3 f6 23. Bg4 Bf7 24. b4 e5 25. dxe5 fxe5 26. Red1 Nf6 27. Bf5
Kh8 28. f3 Nd5 29. Nc4 Ne7 30. Bh3 Bxc4 31. Rxc4 Nd5 32. Kf2 Rbe8 33. e4 Nb6
34. Rc5 Rf6 35. Ra5 a6 36. Rc1 Rf7 37. a4 Rfe7 38. b5 axb5 39. axb5 cxb5 40.
Rxb5 Na8 41. Rd1 b6 42. Bf5 Rf8 43. Rdd5 g6 44. Bxg6 Rg8 45. Bf5 Ra7 46. Rb2
Rag7 47. g4 Re7 48. Rd6 Kg7 49. Rg6+ Kf7 50. Rxh6 Ree8 51. Rd2 Kf8 52. g5 Rxg5
53. Rd7 Rg7 54. Rh8+ Rg8 55. Rhh7 Rb8 56. Rdf7+ Ke8 57. Bd7+ Kd8 58. Bg4 Rg7
59. Rh8+ Rg8 60. Rxg8# {Hossa checkmated} 1-0

[Event "ICS rated standard match"]
[Site "207.99.83.229"]
[Date "1999.07.07"]
[Round "?"]
[White "Hossa"]
[Black "SuperChicken"]
[Result "0-1"]
[WhiteElo "2355"]
[BlackElo "2531"]
[PlyCount "119"]

1. d4 d5 2. c4 e6 3. Nc3 Nf6 4. cxd5 Nxd5 5. e4 Nxc3 6. bxc3 c5 7. Rb1 Be7 8.
Bb5+ Nd7 9. Nf3 O-O 10. O-O Nf6 11. Qe2 Qa5 12. Bg5 h6 13. Bxf6 Bxf6 14. Qc2 g6
15. Qb2 Bg7 16. Ne5 Rd8 17. f4 Qc7 18. Rbd1 a6 19. Be2 b5 20. Bf3 Bb7 21. d5
Bxe5 22. fxe5 Qxe5 23. Qd2 Rd6 24. Qxh6 exd5 25. exd5 Qxc3 26. Rf2 Re8 27. Qf4
Rf6 28. Qg5 Rf5 29. Qd2 Qxd2 30. Rfxd2 Rf6 31. a3 Rd6 32. h4 Re3 33. Rc2 c4 34.
Ra2 Re5 35. Rad2 Kg7 36. Kf2 f5 37. Rd4 Kf6 38. R4d2 Re7 39. h5 gxh5 40. Bxh5
a5 41. Bf3 b4 42. axb4 axb4 43. Rd4 Ba6 44. Rh4 Red7 45. Kg3 Rg7+ 46. Kf4 c3
47. Rh5 c2 48. Rxf5+ Ke7 49. Re1+ Kd7 50. Rf8 b3 51. Rb8 Rf6+ 52. Ke3 Rxf3+ 53.
Kxf3 Rf7+ 54. Kg3 Rf1 55. Rxb3 Rxe1 56. Rc3 c1=Q 57. Rxc1 Rxc1 58. Kf3 Bb7 59.
Ke4 Kd6 60. Kf4 {Hossa resigns} 0-1

[Event "ICS Rated standard match"]
[Site "207.99.83.229"]
[Date "1999.07.07"]
[Round "?"]
[White "Hossa"]
[Black "Youngwife"]
[Result "0-1"]
[WhiteElo "2346"]
[BlackElo "2261"]
[PlyCount "66"]

1. d4 Nf6 2. c4 e6 3. Nc3 Bb4 4. a3 Bxc3+ 5. bxc3 c5 6. f3 d5 7. cxd5 Nxd5 8.
Qd3 cxd4 9. cxd4 Nc6 10. e4 Nb6 11. Be3 O-O 12. Rc1 f5 13. Ne2 Bd7 14. d5 fxe4
15. fxe4 exd5 16. exd5 Bf5 17. Bxb6 Qxb6 18. Qd2 Rad8 19. d6 Bg4 20. Qd5+ Kh8
21. Qc5 Qb2 22. Rc2 Qb1+ 23. Rc1 Qe4 24. Qc2 Qe3 25. Qd2 Qf2+ 26. Kd1 Rf6 27.
Kc2 Rdxd6 28. Qc3 Nd4+ 29. Kb2 Rb6+ 30. Ka1 Rfc6 31. Qc4 Rxc4 32. Re1 Qxe1+ 33.
Ka2 33... Qb1# {Hossa checkmated} 0-1

[Event "ICS rated blitz match"]
[Site "207.99.83.229"]
[Date "1999.07.07"]
[Round "?"]
[White "Hossa"]
[Black "occam"]
[Result "1-0"]
[WhiteElo "2379"]
[BlackElo "2242"]
[PlyCount "139"]

1. d4 d5 2. c4 dxc4 3. e4 b5 4. Nc3 c6 5. Bg5 Nf6 6. a3 Nbd7 7. Nf3 h6 8. Be3
e6 9. Rb1 Bb7 10. Be2 c5 11. e5 Ng4 12. Nxb5 Qa5+ 13. Nc3 cxd4 14. Bxd4 Ngxe5
15. Nxe5 Nxe5 16. Bxe5 Qxe5 17. Qa4+ Kd8 18. Rd1+ Kc7 19. Rd7+ Kb8 20. Rd8+ Bc8
21. Qxc4 Qc7 22. Qb5+ Qb7 23. Qxb7+ Kxb7 24. Bf3+ Kc7 25. Rxf8 Rxf8 26. Bxa8
Rd8 27. Be4 Ba6 28. b3 f5 29. Bb1 Bd3 30. h4 Bxb1 31. Nxb1 Rd3 32. Rh3 Rxh3 33.
gxh3 Kc6 34. h5 Kd6 35. Nc3 a6 36. b4 Ke5 37. b5 axb5 38. Nxb5 Kd5 39. Nc3+ Kc4
40. Kd2 e5 41. Kc2 e4 42. Ne2 Kd5 43. Kb2 Ke5 44. a4 f4 45. Nxf4 Kd6 46. Kc3
Ke5 47. a5 Kd6 48. Ne6 Kd5 49. Kb4 Kc6 50. Nxg7 Kd6 51. Nf5+ Kd5 52. Nxh6 Kd6
53. Nf5+ Ke6 54. Ng3 Ke5 55. a6 Kf4 56. a7 e3 57. fxe3+ Kxe3 58. a8=Q Kf4 59.
Qe4+ Kxg3 60. Qf3+ Kxf3 61. h6 Kg3 62. h7 Kxh3 63. h8=Q+ Kg4 64. Qf6 Kh5 65.
Qg7 Kh4 66. Kc4 Kh5 67. Kd4 Kh4 68. Ke4 Kh3 69. Kf3 Kh4 70. Qh6# {
occam checkmated} 1-0

[Event "ICS rated blitz match"]
[Site "207.99.83.229"]
[Date "1999.07.07"]
[Round "?"]
[White "Esen"]
[Black "Hossa"]
[Result "0-1"]
[WhiteElo "2167"]
[BlackElo "2389"]
[PlyCount "56"]

1. e4 d6 2. Nf3 Nf6 3. Nc3 e5 4. Bc4 Bg4 5. h3 Bh5 6. g4 Bg6 7. d3 Nc6 8. Bg5
Be7 9. Nd2 Nxe4 10. Bxe7 Nxc3 11. Bxd8 Nxd1 12. Bxc7 Nxf2 13. Kxf2 Kd7 14. Bxd6
Kxd6 15. Ne4+ Kc7 16. Bd5 Nb4 17. Bb3 h5 18. g5 Raf8 19. a3 Nc6 20. Kg3 f5 21.
gxf6 gxf6 22. Rhf1 h4+ 23. Kh2 Nd4 24. Bd5 f5 25. Ng5 Kd6 26. Bxb7 Rb8 27. Bf3
Rxb2 28. Bd1 28... Nb3 {Esen resigns} 0-1

[Event "ICS rated blitz match"]
[Site "207.99.83.229"]
[Date "1999.07.07"]
[Round "?"]
[White "Hossa"]
[Black "Esen"]
[Result "1-0"]
[WhiteElo "2396"]
[BlackElo "2160"]
[PlyCount "47"]

1. d4 d5 2. c4 c6 3. Nc3 e6 4. e4 dxe4 5. Nxe4 Nf6 6. Nxf6+ Qxf6 7. Nf3 Bb4+ 8.
Bd2 Bxd2+ 9. Qxd2 O-O 10. O-O-O Nd7 11. Bd3 b6 12. Ng5 h6 13. Nh7 Qe7 14. Nxf8
Kxf8 15. Be4 Bb7 16. Kb1 Nf6 17. Rhe1 Nxe4 18. Rxe4 Rd8 19. Rg4 c5 20. Qe3 cxd4
21. Rdxd4 Rxd4 22. Qxd4 Qf6 23. Qd6+ Kg8 24. Qb8+ {Esen resigns} 1-0

[Event "ICS rated standard match"]
[Site "207.99.83.229"]
[Date "1999.07.07"]
[Round "?"]
[White "Casopis"]
[Black "Hossa"]
[Result "0-1"]
[WhiteElo "1959"]
[BlackElo "2326"]
[PlyCount "90"]

1. d4 d5 2. c4 e6 3. Nc3 Nf6 4. e3 Be7 5. Nf3 O-O 6. Bd3 dxc4 7. Bxc4 Nbd7 8.
O-O c5 9. d5 Nb6 10. d6 Qxd6 11. Be2 Qxd1 12. Rxd1 Nbd5 13. Bd2 b6 14. Nb5 Ne4
15. Be1 a6 16. Rxd5 exd5 17. Nc7 Ra7 18. Nxd5 Bd8 19. Nc3 Nxc3 20. Bxc3 Rd7 21.
Ne5 Re7 22. Rd1 Bc7 23. Nc6 Re4 24. f3 Rxe3 25. Kf2 Ree8 26. g3 Bb7 27. Rd7
Bxg3+ 28. hxg3 Bxc6 29. Rd6 Bb5 30. Bxb5 axb5 31. Rxb6 b4 32. Bd2 Ra8 33. Be3
Rxa2 34. Bxc5 Rxb2+ 35. Kf1 Ra8 36. Bf2 Ra1+ 37. Kg2 h5 38. f4 Raa2 39. Rb8+
Kh7 40. Kh3 Rxf2 41. Kh4 Rh2+ 42. Kg5 f6+ 43. Kf5 Rhe2 44. Rb5 Ra6 45. g4 45...
g6# {Casopis checkmated} 0-1

[Event "ICS Rated blitz match"]
[Site "207.99.83.229"]
[Date "1999.07.07"]
[Round "?"]
[White "MiddleHead"]
[Black "Hossa"]
[Result "1-0"]
[WhiteElo "2197"]
[BlackElo "2403"]
[PlyCount "52"]

1. e4 d6 2. d4 Nf6 3. Nc3 g6 4. f3 Bg7 5. Be3 Nc6 6. Qd2 e5 7. Nge2 O-O 8. d5
Nb4 9. O-O-O Rb8 10. g4 Nd7 11. h4 Nb6 12. Ng3 f5 13. gxf5 gxf5 14. Bh6 fxe4
15. fxe4 Rf3 16. Rg1 Rxc3 17. bxc3 Nxa2+ 18. Kb2 Nxc3 19. Kxc3 Bxh6 20. Nf5+
Bg5 21. Rxg5+ Kh8 22. Nh6 Qf8 23. Rg8+ Qxg8 24. Nxg8 Bg4 25. Nf6 Rg8 26. Nxg8
26... Bxd1 {Hossa resigns} 1-0

[Event "ICS Rated blitz match"]
[Site "207.99.83.229"]
[Date "1999.07.07"]
[Round "?"]
[White "PostModernist"]
[Black "Hossa"]
[Result "1-0"]
[WhiteElo "2553"]
[BlackElo "2378"]
[PlyCount "145"]

1. e4 e5 2. f4 exf4 3. Bc4 Qh4+ 4. Kf1 d5 5. exd5 Bg4 6. Nf3 Nd7 7. Nc3 Bxf3 8.
Qxf3 O-O-O 9. d4 Nb6 10. Bb3 Bb4 11. Bxf4 Bxc3 12. bxc3 Nf6 13. d6 cxd6 14.
Bxf7 Rhf8 15. Be6+ Nfd7 16. g3 Qf6 17. Bxd7+ Rxd7 18. h4 Qe6 19. Qe2 Qd5 20.
Kg1 Qc6 21. Qd3 Na4 22. c4 g5 23. d5 Qa6 24. hxg5 Nb2 25. Qe4 Qxc4 26. Qxc4+
Nxc4 27. Rh6 Rg8 28. Re1 Nb6 29. Rd1 Nc4 30. Re1 Nb6 31. Rd1 Nc4 32. Re6 b5 33.
Rd4 Kb7 34. Rde4 Nb6 35. Re7 Kc7 36. R4e6 Nc4 37. Re4 Nb6 38. R4e6 Nc4 39.
Rxd7+ Kxd7 40. Re4 Rc8 41. Re6 Rg8 42. Rf6 Ke7 43. Rh6 Rg7 44. Re6+ Kd7 45. g4
a5 46. Kf2 b4 47. Ke2 Rf7 48. Rf6 Rg7 49. Kd3 Ne5+ 50. Bxe5 dxe5 51. Rf5 Kd6
52. Ke4 Re7 53. Rf6+ Kc5 54. g6 hxg6 55. Rxg6 Re8 56. g5 Kb5 57. d6 Kc6 58. Rf6
Rh8 59. Kxe5 Rh2 60. Ke6 Rh8 61. g6 b3 62. axb3 a4 63. g7 Rd8 64. bxa4 Kc5 65.
d7 Rg8 66. Rf8 Rxg7 67. d8=Q Rg5 68. Qxg5+ Kd4 69. Rf4+ Ke3 70. c4 Kd3 71. Qg3+
Ke2 72. Rf2+ Kd1 73. Qg1# {Hossa checkmated} 1-0

[Event "ICS rated blitz match"]
[Site "207.99.83.229"]
[Date "1999.07.07"]
[Round "?"]
[White "Hossa"]
[Black "timuka"]
[Result "1-0"]
[WhiteElo "2375"]
[BlackElo "2270"]
[PlyCount "39"]

1. d4 c5 2. d5 f5 3. Nf3 Nf6 4. Nc3 d6 5. e3 g6 6. Bb5+ Bd7 7. Bxd7+ Nbxd7 8.
Ng5 Bh6 9. Ne6 Qa5 10. O-O b5 11. Nxb5 Kf7 12. c4 Rab8 13. Bd2 Qb6 14. Bc3 Rhg8
15. Qf3 a6 16. Nbc7 Ne4 17. Qh3 Nxc3 18. Qxh6 Ne2+ 19. Kh1 Nf6 20. Ng5# {
timuka checkmated} 1-0

[Event "ICS Rated blitz match"]
[Site "207.99.83.229"]
[Date "1999.07.07"]
[Round "?"]
[White "erce"]
[Black "Hossa"]
[Result "0-1"]
[WhiteElo "2477"]
[BlackElo "2385"]
[PlyCount "68"]

1. Nf3 Nf6 2. c4 Nc6 3. d4 e6 4. Nc3 d5 5. Bg5 Be7 6. e3 O-O 7. cxd5 Nxd5 8.
Bxe7 Qxe7 9. Bd3 Nxc3 10. bxc3 a5 11. O-O Qf6 12. e4 e5 13. Bb5 exd4 14. cxd4
Na7 15. e5 Qf4 16. Be2 Nc6 17. Qc1 Qe4 18. Re1 Nxd4 19. Nxd4 Qxd4 20. Qxc7 Qf4
21. Bc4 Bg4 22. Bd5 Rac8 23. Qxb7 Rc2 24. Qa7 Be6 25. Bf3 Bxa2 26. Qxa5 Qd4 27.
Rf1 Rxf2 28. Rxf2 Qxa1+ 29. Rf1 Qd4+ 30. Kh1 Bb3 31. h3 Qf4 32. Qc3 Be6 33. Re1
Qg3 34. Bc6 34... Qxc3 {erce resigns} 0-1

[Event "ICS rated standard match"]
[Site "207.99.83.229"]
[Date "1999.07.07"]
[Round "?"]
[White "Hossa"]
[Black "attakinski"]
[Result "0-1"]
[WhiteElo "2329"]
[BlackElo "2598"]
[PlyCount "79"]

1. d4 d5 2. c4 e6 3. Nc3 c5 4. cxd5 cxd4 5. Qa4+ Bd7 6. Qxd4 exd5 7. Qxd5 Nc6
8. Bg5 Nf6 9. Qd2 h6 10. Qe3+ Be6 11. Rd1 Qe7 12. Bh4 Ng4 13. Bxe7 Nxe3 14.
Bxf8 Nxd1 15. Bxg7 Rh7 16. Kxd1 Rxg7 17. Kc1 Ne5 18. e4 Rc8 19. Kb1 Bc4 20. Nf3
Nxf3 21. gxf3 Bxf1 22. Rxf1 Rg2 23. h4 Rc6 24. Nb5 Rf6 25. Nxa7 Rxf3 26. Nb5
Ke7 27. e5 Rgxf2 28. Rxf2 Rxf2 29. Nd6 f5 30. Nxb7 f4 31. Nd6 f3 32. Kc1 Ke6
33. Nc4 Re2 34. Kd1 Re4 35. Nd2 f2 36. Nxe4 f1=Q+ 37. Kd2 Qg2+ 38. Ke3 Qxb2 39.
Nc5+ Kd5 40. Nd3 {Hossa resigns} 0-1

[Event "ICS rated blitz match"]
[Site "207.99.83.229"]
[Date "1999.07.07"]
[Round "?"]
[White "Hossa"]
[Black "occam"]
[Result "0-1"]
[WhiteElo "2405"]
[BlackElo "2230"]
[PlyCount "98"]

1. d4 Nf6 2. c4 e6 3. Nc3 d5 4. cxd5 exd5 5. Bg5 c6 6. Nf3 h6 7. Bxf6 Qxf6 8.
e4 dxe4 9. Qe2 Qe6 10. Ne5 Bb4 11. Qxe4 O-O 12. Bd3 f5 13. Qf3 Qd6 14. Bc4+ Kh7
15. O-O-O Nd7 16. Rhe1 Nxe5 17. dxe5 Qe7 18. g3 Re8 19. Qh5 g6 20. Qe2 a5 21.
h4 b5 22. Bd3 Qc5 23. Qe3 Qxe3+ 24. Rxe3 Bc5 25. Re2 Kg7 26. h5 gxh5 27. f4 a4
28. a3 Kg6 29. Rh2 Be3+ 30. Kb1 Rg8 31. Bc2 Kf7 32. Ne2 Be6 33. Rxh5 Bc4 34.
Bd3 Bb3 35. Rxf5+ Ke7 36. Re1 Rad8 37. Be4 Bc4 38. Nc1 Rxg3 39. Ne2 Bd2 40. Rg1
Rxg1+ 41. Nxg1 Be3 42. Bc2 Rd2 43. Nf3 Rf2 44. b3 axb3 45. Be4 Rf1+ 46. Kb2
Rxf3 47. Kc3 Rg3 48. Kb4 Bb6 49. a4 49... b2 {Hossa resigns} 0-1